000 00254nam a2200109Ia 4500
008 190914s9999||||xx |||||||||||||| ||und||
100 _aNaseema Bint-i-Siraj
245 0 _aAwaz-e-Jars
260 _aKarachi
_bHashmi Trust
_c2004
300 _a312
942 _cBK
999 _c9326
_d9326